000 00536nam a2200169Ia 4500
003 GCL
008 140319s9999 xx 000 0 ara d
040 _aGCL /
_cGCL
082 0 4 _a657
_bع ب
100 1 _aعيسى ايوب البارونى
245 1 0 _aالباب الخلفى للمحاسبة /
_cعيسى ايوب البارونى
260 _a[S.N] :
_bالدار الجماهيرية للنشر والتوزيع والاعلان ،
_c1992
300 _a180 ص
490 _a
650 0 4 _aالمحاسبة
942 _2ddc
_cBK
999 _c53992
_d53992